000 00603nam a2200217 i 4500
001 128691
003 ES-MaACL
005 20230906193337.0
007 t|
008 070523s1977 sp ||||1| spa d
080 _a324(467.1)"1936"
100 1 _aTarragona, Eduardo.
_9109332
245 1 4 _aLas elecciones de 1936 en Cataluña /
_cEduardo Tarragona.
250 _a1ª ed.
260 _aBarcelona, etc. :
_bBruguera,
_c[1977]
300 _a250 p. ;
_c19 cm.
490 1 _aLa Guerra Civil
830 0 _aLa Guerra Civil
_9219298
852 _aES-MaACL
_jA-7206
_bR.96149
999 _c128691
_d128691